Quality of Life and Approaches to Its Measurement
Ukazovatele merajúce blahobyt, resp. kvalitu života, ako základ pre pokračovanie výskumu a porovnanie spotreby k ukazovateľom blahobytu za účelom určiť možnú nadspotrebu. European Quality of Life Survey – EQLS) a Index lepšieho života (Better Life Index – BLI) vrátane správy Ako si žijeme (How’s liv...
Saved in:
| Main Author: | |
|---|---|
| Format: | Book Chapter |
| Language: | Slovak |
| Subjects: | |
| Tags: |
No Tags, Be the first to tag this record!
|
MARC
| LEADER | 00000naa$a2200000$$$4500 | ||
|---|---|---|---|
| 001 | 0281073 | ||
| 005 | 20240530065145.5 | ||
| 041 | 0 | |a slo | |
| 044 | |a CZ | ||
| 245 | 1 | 0 | |a Quality of Life and Approaches to Its Measurement |c Daniela Rybárová |
| 520 | |a Ukazovatele merajúce blahobyt, resp. kvalitu života, ako základ pre pokračovanie výskumu a porovnanie spotreby k ukazovateľom blahobytu za účelom určiť možnú nadspotrebu. European Quality of Life Survey – EQLS) a Index lepšieho života (Better Life Index – BLI) vrátane správy Ako si žijeme (How’s live). | ||
| 610 | 2 | 0 | |a blahobyt |
| 610 | 2 | 0 | |a kvalita života |
| 610 | 2 | 0 | |a Európska únia |
| 610 | 2 | 0 | |a domácnosti |
| 100 | 1 | |a Rybárová, Daniela, 1967- | |